DEAD BY DAYLIGHT - dopasuj zabójcę do opisu - Statystyki

Ogólne statystyki
  • Ten quiz został rozwiązany 94 razy
  • Średni wynik to 10 z 15
Statystyki odpowiedzi
Opis Angielska nazwa % Poprawnych
To jest stworzenie o twarzy otwierającej się jak kwiat pełen ostrych zębów. Jego wielkie, zakrzywione pazury oraz silne nogi pozwalają mu skakać na ofiary, które rozrywa na strzępy i pożera bez litości. To bestia, której nie można powstrzymać, kiedy wpada w szał polowania. Nie zna współczucia, nie ma ograniczeń, a jedynie instynkt i nienasycona żądza krwi go kierują. Makabryczny dowód na istnienie upiorów czających się po Drugiej Stronie. Kto to jest? Demogorgon
92%
Kobieta dorastała w surowych, północnych lasach, ucząc się umiejętności przetrwania od matki. Po tragicznej konfrontacji z dzikim łosiem, który odebrał jej życie matki, Anna, będąc jeszcze dzieckiem, nauczyła się samodzielnie poruszać w zamarzniętym lesie. Kierowana głęboką potrzebą towarzystwa, porywała małe dziewczynki, które jednak zawsze ginęły, pogłębiając jej smutek i szaleństwo. Huntress
89%
Naprawdę nazywa się Adiris. Dorastając w cieniu bogów, poświęciła się nekromancji i oczyszczającym rytuałom. Gdy zaraza opanowała miasto, sama zaraziła się, a jej ciało zaczęło się rozkładać. Ukrywając swoje objawy, nadal służyła wyznawcom, aż w końcu opuściła miasto, szukając ratunku. Jej los pozostaje tajemnicą, a ciała nigdy nie odnaleziono. Plague
84%
Straciwszy ukochanego, musiała podjąć ciężką pracę w szpitalu psychiatrycznym, gdzie otoczenie szaleńców powoli niszczyło jej zdrowie psychiczne. Kiedy jej poczytalność sięgnęła dna, podjęła desperacką próbę "oczyszczenia" przeklętego miejsca, co doprowadziło do tragicznej masakry. Kim jest ta tajemnicza postać, której ciała nigdy nie odnaleziono, a jej obecność wciąż budzi grozę? Nurse
82%
Doskonały organizm, zrodzony z przemocy i stworzony do zabijania. Wydobyty z klatki piersiowej żywiciela o imieniu Kane, zaczął swoją śmiercionośną wędrówkę po statku kosmicznym, używając kanałów wentylacyjnych jako swojego terytorium łowów. Xenomorph
81%
Po brutalnym porwaniu i okrutnym uwięzieniu w mrocznej piwnicy, gdzie zmuszona była oglądać zmasakrowane ciała innych, postać w desperacji zaczęła rysować rytualne znaki, które miały zapewnić jej bezpieczeństwo. Zmieniając głód przetrwania w pragnienie zemsty, uciekła, pozostawiając za sobą makabryczny ślad krwi i zniszczenia. Jej ciała nigdy nie odnaleziono, a burza tajemnicy, którą pozostawiła, wciąż budzi grozę. Hag
76%
Znana też jako Carmina Mora, której młodszy brat utonął, a ojciec obwiniał ją za jego śmierć? Porzucona przez rodzinę, wpadła w głęboką depresję, aż pewnego dnia na moście spotkała stado wron, które ocaliły jej życie. Stworzona przez nią sztuka, pełna czarnych piór i surrealistycznych motywów, stała się symbolem walki z wewnętrznymi demonami. Jej sława przyciągnęła jednak niebezpiecznych wrogów, którzy brutalnie pozbawili ją rąk i języka. Kim jest ta postać, która mimo bólu i cierpienia, nigdy nie przestała walczyć? Artist
71%
Istnieje wiele teorii na temat jego pochodzenia. Niektórzy spekulują, że to złowroga istota przywołana dawno temu przez starożytny kult. Inni uważają, że to kosmita, który uciekł z Area 51. Są też tacy, którzy twierdzą, że byt ten żyje w ciemności, kradnąc głosy swoich ofiar i wabiąc ludzi ku ich zagładzie. Może tworzyć Halucynacje i teleportować się do nich. Unknown
61%
Przez lata toczył niekończące się bitwy, jednak jego serce nie znajdowało ukojenia. W końcu, po brutalnym przewrocie, odnalazł się u boku bogatego włoskiego lorda, którego zadaniem była ekspedycja po tajemniczy artefakt. W czasie rzezi i chaosu, gdy jego drużyna stawała się maszyną do zabijania, tajemnicza mgła pochłonęła miasto. Morderca, wędrując przez gęstą ciemność, w końcu natrafił na pustkowie pełne gnijących ciał i płonących wiosek. Knight
60%
Skrwawiony Zdzierca z Lakeshore, uniknął śmierci, przenosząc swoją duszę do lalki. Od lat szuka swojego byłego właściciela aby ostatecznie przejąć jego ciało. Good Guy
58%
Kiedyś wysokiej rangi urzędnik w korporacji nie potrafił pogodzić się z własnym brakiem satysfakcji mimo osiągnięcia wielu sukcesów; sfingował swoją śmierć i ukrył się w podziemiach, planując zniszczenie świata za pomocą szczepionki, która miała działać jako broń biologiczna, eliminując słabych i pozostawiając tylko tych najsilniejszych. Mastermind
56%
Zabójca był czarodziejem, mistrzem wszystkich szkół magii. Po egzekucji matki za czary, zgłębił nekromancję. Jego moc i ambicja rosły, rządził imperium z Zgniłej Wieży. Nienasycone pragnienie ciemnej wiedzy doprowadziło go do rozszyfrowania starożytnego zaklęcia, wyczuwając ogromną mroczną energię. Vecna
56%
Morderca to były dziennikarz, który zyskał mroczną sławę dzięki swojej pracy w gazecie. Początkowo postrzegany jako skromny freelancer z entuzjazmem do pracy, później sprawca opisywanych przez siebie tragedii. Jego artykuły, które zawierały zdjęcia zamaskowanego sprawcy, przyczyniły się do wzrostu paniki i liczby ofiar. Ghost Face
47%
Dorastała w biedzie w atmosferze sztuki i pasji, z ojcem, który był nieudanym ilustratorem mangi. Po upadku rodziny Adriana skupiła się na finansach, zdobywając fortunę jako bezwzględna inwestorka i menedżerka, która przejmowała i niszczyła firmy dla zysku. Jej mroczne zainteresowania z dzieciństwa, inspirowane pracami ojca, wpłynęły na jej brutalne metody. Po brutalnym zabójstwie dwóch członków zarządu w Alpach, Adriana kontynuuje cykl brutalnych przejęć, a jej najnowszym celem stał się menedżer pewnej firmy. Skull Merchant
45%
Syn irlandzkich imigrantów, dorastał w ubóstwie i przemocowej atmosferze amerykańskiego pogranicza. Jego talent do tworzenia niezwykłych, a często złowrogich wynalazków, zyskał mu zatrudnienie u Henry'ego Bayshore'a, ale został zdradzony i oszukany. Po piętnastu latach w brutalnym więzieniu Hellshire, gdzie zdobył zaufanie naczelnika i założył gang. Wściekły, z pomocą swojego gangu, zniszczył swojego dawnego wroga i naczelników, a jego brutalna zemsta nie miała końca. Deathslinger
44%
Nie znaleziono quizów pasujących do podanych kryteriów
Rozkład punktacji
Procent ludzi z każdym wynikiem
Percentyl według liczby udzielonych odpowiedzi
Twoja historia wyników
Nie rozwiązałeś tego quizu